000 nam a22 7a 4500
999 _c8174
_d8174
008 171205b xxu||||| |||| 00| 0 eng d
100 _aAggarwal
_94607
245 _aHow to Play Mouth organs
260 _aNew Delhi
_bCreative Publications